000 00554nam a2200217Ia 4500
003 IN-BaIIA
008 211028s9999 xx 000 0 eng d
020 _a0-13-011294-1
040 _cIIA Library
080 _a535
_bNAE
100 _aNaess, R. O
_927220
245 0 _aOptics for technology students
_cR. O. Naess
260 _aNew Jersey
_bPrentice-Hall
_c2001
300 _axx, 362p.
650 _aLight
_92428
650 _aOptic Fibres
_927221
650 _aOptics
650 _aReflection
_920643
650 _aRefraction
_91237
942 _cBK
999 _c15008
_d15008